Anagrammes aléatoires des pays d'Oceanie - Statistiques

Statistiques générales
  • Ce quiz a été pris 27 fois
  • Le résultat moyen est 8 sur 9
Statistiques - réponses
État % Correct
Fidji
100%
Samoa
100%
Tuvalu
100%
Vanuatu
100%
Tonga
95%
Nauru
94%
Palaos
94%
Kiribati
89%
Îles Marshall
88%
Îles Salomon
88%
Micronésie
85%
Australie
78%
Aucun quiz correspondant
Distribution des résultats
% des personnes avec chaque résultat
Percentile par nombre de réponses
Votre historique - résultats
Vous n’avez pas pris ce quiz